000
00328 a2200157 4500
001
173858
020
_a
040
_c
Magnum
100
_a
Ppontes Neto, Hildebrando
240
1
0
_a
O menino e a lua
_l
por
245
1
0
_a
O menino e a lua
362
0
_a
1899
440
1
_a
LĂȘ
697
_a
IJ/AVENTURA, CRIANCAS
942
_c
BK
999
_c
173858
_d
173858